=LDR 00000nam 2200000 4500 =001 001025 =005 20250712030926 =035 ##$$a 0010-0725000904 =007 ta =008 250712################a##########0#ind## =020 ##$$a 978-623-118-838-0 =082 ##$$a 398.209 589 =084 ##$$a 398.209 589 ERM h =100 #$$a Erminawati =245 1#$$a Hore, Dalo Bisa! /$c Erminawati =250 ##$$a Cetakan Kedua =260 ##$$a Jakarta Timur :$b Kementrian Pendidikan, Kebudayaan, Riset, dan Teknologi,$c 2023 =300 ##$$a 24 hlm : $b ilus. ; $c 21 x 29,7 cm =650 #4$$a Kesusastraan Anak =600 #4$$a Cerita Anak-Indonesia =856 ##$$a TBM As-Suhada =990 ##$$a TBM202400965